<?xml version="1.0" encoding="UTF-8"?>
<record
    xmlns:xsi="http://www.w3.org/2001/XMLSchema-instance"
    xsi:schemaLocation="http://www.loc.gov/MARC21/slim http://www.loc.gov/standards/marcxml/schema/MARC21slim.xsd"
    xmlns="http://www.loc.gov/MARC21/slim">

  <leader>00883nas a2200277 454500</leader>
  <controlfield tag="001">30099</controlfield>
  <controlfield tag="005">20260407193508.0</controlfield>
  <controlfield tag="008">260407s1983####ag###########|||spa#d</controlfield>
  <controlfield tag="003">AR-UNSa-BCEJYS</controlfield>
  <datafield tag="040" ind1=" " ind2=" ">
    <subfield code="a">AR-UNSa-BCEJYS</subfield>
    <subfield code="b">spa</subfield>
    <subfield code="c">AR-UNSa-BCEJYS</subfield>
  </datafield>
  <datafield tag="080" ind1=" " ind2=" ">
    <subfield code="a">330</subfield>
    <subfield code="x">Econom&#xED;a en general</subfield>
  </datafield>
  <datafield tag="245" ind1="1" ind2="0">
    <subfield code="a">Carta econ&#xF3;mica</subfield>
  </datafield>
  <datafield tag="022" ind1=" " ind2=" ">
    <subfield code="a">0326-3126</subfield>
  </datafield>
  <datafield tag="264" ind1=" " ind2="1">
    <subfield code="a">Buenos Aires :</subfield>
    <subfield code="b">SADEI (Sociedad An&#xF3;nima de Ediciones e Impresiones</subfield>
    <subfield code="c">1983</subfield>
  </datafield>
  <datafield tag="310" ind1=" " ind2=" ">
    <subfield code="a">Frecuencia: Mensual</subfield>
  </datafield>
  <datafield tag="041" ind1=" " ind2=" ">
    <subfield code="a">spa</subfield>
  </datafield>
  <datafield tag="942" ind1=" " ind2=" ">
    <subfield code="c">SER</subfield>
  </datafield>
  <datafield tag="590" ind1=" " ind2=" ">
    <subfield code="a">niveau_biblio:s niveau_hierar:1</subfield>
  </datafield>
  <datafield tag="100" ind1="1" ind2=" ">
    <subfield code="a">Broda, Miguel Angel</subfield>
  </datafield>
  <datafield tag="700" ind1="1" ind2=" ">
    <subfield code="a">Pablo, Juan Carlos de</subfield>
  </datafield>
  <datafield tag="650" ind1=" " ind2=" ">
    <subfield code="a">Datos estad&#xED;sticos</subfield>
  </datafield>
  <datafield tag="650" ind1=" " ind2=" ">
    <subfield code="a">Investigaci&#xF3;n econ&#xF3;mica</subfield>
  </datafield>
  <datafield tag="650" ind1=" " ind2=" ">
    <subfield code="a">ECONOMIA</subfield>
  </datafield>
  <datafield tag="650" ind1=" " ind2=" ">
    <subfield code="a">INDICADORES ECONOMICOS</subfield>
  </datafield>
  <datafield tag="856" ind1="4" ind2="1">
    <subfield code="u">https://biblioeco.unsa.edu.ar/pmb/images/revistas/Carta Economica-R14586.jpg</subfield>
    <subfield code="y">Imagen de portada</subfield>
    <subfield code="q">image/jpeg</subfield>
  </datafield>
  <datafield tag="999" ind1=" " ind2=" ">
    <subfield code="c">8692</subfield>
    <subfield code="d">8692</subfield>
  </datafield>
  <datafield tag="952" ind1=" " ind2=" ">
    <subfield code="0">0</subfield>
    <subfield code="1">0</subfield>
    <subfield code="4">0</subfield>
    <subfield code="7">0</subfield>
    <subfield code="a">BCEJYS</subfield>
    <subfield code="b">BCEJYS</subfield>
    <subfield code="c">17</subfield>
    <subfield code="d">1987-02-01</subfield>
    <subfield code="h">A&#xF1;o 4, N&#xBA; 45 - feb. 1987</subfield>
    <subfield code="l">0</subfield>
    <subfield code="o">H330 CAR 45</subfield>
    <subfield code="p">R14678</subfield>
    <subfield code="r">2026-04-10 16:08:56</subfield>
    <subfield code="w">2026-04-10</subfield>
    <subfield code="y">RN</subfield>
  </datafield>
  <datafield tag="952" ind1=" " ind2=" ">
    <subfield code="0">0</subfield>
    <subfield code="1">0</subfield>
    <subfield code="4">0</subfield>
    <subfield code="7">0</subfield>
    <subfield code="a">BCEJYS</subfield>
    <subfield code="b">BCEJYS</subfield>
    <subfield code="c">17</subfield>
    <subfield code="d">1986-12-01</subfield>
    <subfield code="h">A&#xF1;o 4, N&#xBA; 43/44 - dic. 1986/ene. 1987</subfield>
    <subfield code="l">0</subfield>
    <subfield code="o">H330 CAR 43/44</subfield>
    <subfield code="p">R14677</subfield>
    <subfield code="r">2026-04-10 16:08:56</subfield>
    <subfield code="w">2026-04-10</subfield>
    <subfield code="y">RN</subfield>
  </datafield>
  <datafield tag="952" ind1=" " ind2=" ">
    <subfield code="0">0</subfield>
    <subfield code="1">0</subfield>
    <subfield code="4">0</subfield>
    <subfield code="7">0</subfield>
    <subfield code="a">BCEJYS</subfield>
    <subfield code="b">BCEJYS</subfield>
    <subfield code="c">17</subfield>
    <subfield code="d">1986-10-01</subfield>
    <subfield code="h">A&#xF1;o 4, N&#xBA; 41 - oct. 1986</subfield>
    <subfield code="l">0</subfield>
    <subfield code="o">H330 CAR 41</subfield>
    <subfield code="p">R14676</subfield>
    <subfield code="r">2026-04-10 16:08:56</subfield>
    <subfield code="w">2026-04-10</subfield>
    <subfield code="y">RN</subfield>
  </datafield>
  <datafield tag="952" ind1=" " ind2=" ">
    <subfield code="0">0</subfield>
    <subfield code="1">0</subfield>
    <subfield code="4">0</subfield>
    <subfield code="7">0</subfield>
    <subfield code="a">BCEJYS</subfield>
    <subfield code="b">BCEJYS</subfield>
    <subfield code="c">17</subfield>
    <subfield code="d">1986-09-01</subfield>
    <subfield code="h">A&#xF1;o 4, N&#xBA; 40 - sep. 1986</subfield>
    <subfield code="l">0</subfield>
    <subfield code="o">H330 CAR 40</subfield>
    <subfield code="p">R14675</subfield>
    <subfield code="r">2026-04-10 16:08:56</subfield>
    <subfield code="w">2026-04-10</subfield>
    <subfield code="y">RN</subfield>
  </datafield>
  <datafield tag="952" ind1=" " ind2=" ">
    <subfield code="0">0</subfield>
    <subfield code="1">0</subfield>
    <subfield code="4">0</subfield>
    <subfield code="7">0</subfield>
    <subfield code="a">BCEJYS</subfield>
    <subfield code="b">BCEJYS</subfield>
    <subfield code="c">17</subfield>
    <subfield code="d">1986-08-01</subfield>
    <subfield code="h">A&#xF1;o 4, N&#xBA; 39 - ago. 1986</subfield>
    <subfield code="l">0</subfield>
    <subfield code="o">H330 CAR 39</subfield>
    <subfield code="p">R14674</subfield>
    <subfield code="r">2026-04-10 16:08:56</subfield>
    <subfield code="w">2026-04-10</subfield>
    <subfield code="y">RN</subfield>
  </datafield>
  <datafield tag="952" ind1=" " ind2=" ">
    <subfield code="0">0</subfield>
    <subfield code="1">0</subfield>
    <subfield code="4">0</subfield>
    <subfield code="7">0</subfield>
    <subfield code="a">BCEJYS</subfield>
    <subfield code="b">BCEJYS</subfield>
    <subfield code="c">17</subfield>
    <subfield code="d">1986-06-01</subfield>
    <subfield code="h">A&#xF1;o 4, N&#xBA; 37 - jun. 1986</subfield>
    <subfield code="l">0</subfield>
    <subfield code="o">H330 CAR 37</subfield>
    <subfield code="p">R14673</subfield>
    <subfield code="r">2026-04-10 16:08:56</subfield>
    <subfield code="w">2026-04-10</subfield>
    <subfield code="y">RN</subfield>
  </datafield>
  <datafield tag="952" ind1=" " ind2=" ">
    <subfield code="0">0</subfield>
    <subfield code="1">0</subfield>
    <subfield code="4">0</subfield>
    <subfield code="7">0</subfield>
    <subfield code="a">BCEJYS</subfield>
    <subfield code="b">BCEJYS</subfield>
    <subfield code="c">17</subfield>
    <subfield code="d">1986-05-01</subfield>
    <subfield code="h">A&#xF1;o 3, N&#xBA; 36 - mayo 1986</subfield>
    <subfield code="l">0</subfield>
    <subfield code="o">H330 CAR 36</subfield>
    <subfield code="p">R14672</subfield>
    <subfield code="r">2026-04-10 16:08:56</subfield>
    <subfield code="w">2026-04-10</subfield>
    <subfield code="y">RN</subfield>
  </datafield>
  <datafield tag="952" ind1=" " ind2=" ">
    <subfield code="0">0</subfield>
    <subfield code="1">0</subfield>
    <subfield code="4">0</subfield>
    <subfield code="7">0</subfield>
    <subfield code="a">BCEJYS</subfield>
    <subfield code="b">BCEJYS</subfield>
    <subfield code="c">17</subfield>
    <subfield code="d">1986-03-01</subfield>
    <subfield code="h">A&#xF1;o 3, N&#xBA; 34 - mar. 1986</subfield>
    <subfield code="l">0</subfield>
    <subfield code="o">H330 CAR 34</subfield>
    <subfield code="p">R14671</subfield>
    <subfield code="r">2026-04-10 16:08:56</subfield>
    <subfield code="w">2026-04-10</subfield>
    <subfield code="y">RN</subfield>
  </datafield>
  <datafield tag="952" ind1=" " ind2=" ">
    <subfield code="0">0</subfield>
    <subfield code="1">0</subfield>
    <subfield code="4">0</subfield>
    <subfield code="7">0</subfield>
    <subfield code="a">BCEJYS</subfield>
    <subfield code="b">BCEJYS</subfield>
    <subfield code="c">17</subfield>
    <subfield code="d">1986-02-01</subfield>
    <subfield code="h">A&#xF1;o 3, N&#xBA; 33 - feb. 1986</subfield>
    <subfield code="l">0</subfield>
    <subfield code="o">H330 CAR 33</subfield>
    <subfield code="p">R14670</subfield>
    <subfield code="r">2026-04-10 16:08:56</subfield>
    <subfield code="w">2026-04-10</subfield>
    <subfield code="y">RN</subfield>
  </datafield>
  <datafield tag="952" ind1=" " ind2=" ">
    <subfield code="0">0</subfield>
    <subfield code="1">0</subfield>
    <subfield code="4">0</subfield>
    <subfield code="7">0</subfield>
    <subfield code="a">BCEJYS</subfield>
    <subfield code="b">BCEJYS</subfield>
    <subfield code="c">17</subfield>
    <subfield code="d">1985-12-01</subfield>
    <subfield code="h">A&#xF1;o 3, N&#xBA; 31/32 - dic. 1985/ene. 1986</subfield>
    <subfield code="l">0</subfield>
    <subfield code="o">H330 CAR 31/32</subfield>
    <subfield code="p">R14669</subfield>
    <subfield code="r">2026-04-10 16:08:56</subfield>
    <subfield code="w">2026-04-10</subfield>
    <subfield code="y">RN</subfield>
  </datafield>
  <datafield tag="952" ind1=" " ind2=" ">
    <subfield code="0">0</subfield>
    <subfield code="1">0</subfield>
    <subfield code="4">0</subfield>
    <subfield code="7">0</subfield>
    <subfield code="a">BCEJYS</subfield>
    <subfield code="b">BCEJYS</subfield>
    <subfield code="c">17</subfield>
    <subfield code="d">1985-11-01</subfield>
    <subfield code="h">A&#xF1;o 3, N&#xBA; 30 - nov. 1985</subfield>
    <subfield code="l">0</subfield>
    <subfield code="o">H330 CAR 30</subfield>
    <subfield code="p">R14668</subfield>
    <subfield code="r">2026-04-10 16:08:56</subfield>
    <subfield code="w">2026-04-10</subfield>
    <subfield code="y">RN</subfield>
  </datafield>
  <datafield tag="952" ind1=" " ind2=" ">
    <subfield code="0">0</subfield>
    <subfield code="1">0</subfield>
    <subfield code="4">0</subfield>
    <subfield code="7">0</subfield>
    <subfield code="a">BCEJYS</subfield>
    <subfield code="b">BCEJYS</subfield>
    <subfield code="c">17</subfield>
    <subfield code="d">1985-10-01</subfield>
    <subfield code="h">A&#xF1;o 3, N&#xBA; 29 - oct. 1985</subfield>
    <subfield code="l">0</subfield>
    <subfield code="o">H330 CAR 29</subfield>
    <subfield code="p">R14667</subfield>
    <subfield code="r">2026-04-10 16:08:56</subfield>
    <subfield code="w">2026-04-10</subfield>
    <subfield code="y">RN</subfield>
  </datafield>
  <datafield tag="952" ind1=" " ind2=" ">
    <subfield code="0">0</subfield>
    <subfield code="1">0</subfield>
    <subfield code="4">0</subfield>
    <subfield code="7">0</subfield>
    <subfield code="a">BCEJYS</subfield>
    <subfield code="b">BCEJYS</subfield>
    <subfield code="c">17</subfield>
    <subfield code="d">1985-09-01</subfield>
    <subfield code="h">A&#xF1;o 3, N&#xBA; 28 - sep. 1985</subfield>
    <subfield code="l">0</subfield>
    <subfield code="o">H330 CAR 28</subfield>
    <subfield code="p">R14666</subfield>
    <subfield code="r">2026-04-10 16:08:56</subfield>
    <subfield code="w">2026-04-10</subfield>
    <subfield code="y">RN</subfield>
  </datafield>
  <datafield tag="952" ind1=" " ind2=" ">
    <subfield code="0">0</subfield>
    <subfield code="1">0</subfield>
    <subfield code="4">0</subfield>
    <subfield code="7">0</subfield>
    <subfield code="a">BCEJYS</subfield>
    <subfield code="b">BCEJYS</subfield>
    <subfield code="c">17</subfield>
    <subfield code="d">1985-08-01</subfield>
    <subfield code="h">A&#xF1;o 3, N&#xBA; 27 - ago. 1985</subfield>
    <subfield code="l">0</subfield>
    <subfield code="o">H330 CAR 27</subfield>
    <subfield code="p">R14665</subfield>
    <subfield code="r">2026-04-10 16:08:56</subfield>
    <subfield code="w">2026-04-10</subfield>
    <subfield code="y">RN</subfield>
  </datafield>
  <datafield tag="952" ind1=" " ind2=" ">
    <subfield code="0">0</subfield>
    <subfield code="1">0</subfield>
    <subfield code="4">0</subfield>
    <subfield code="7">0</subfield>
    <subfield code="a">BCEJYS</subfield>
    <subfield code="b">BCEJYS</subfield>
    <subfield code="c">17</subfield>
    <subfield code="d">1985-07-01</subfield>
    <subfield code="h">A&#xF1;o 3, N&#xBA; 26 - jul. 1985</subfield>
    <subfield code="l">0</subfield>
    <subfield code="o">H330 CAR 26</subfield>
    <subfield code="p">R14664</subfield>
    <subfield code="r">2026-04-10 16:08:56</subfield>
    <subfield code="w">2026-04-10</subfield>
    <subfield code="y">RN</subfield>
  </datafield>
  <datafield tag="952" ind1=" " ind2=" ">
    <subfield code="0">0</subfield>
    <subfield code="1">0</subfield>
    <subfield code="4">0</subfield>
    <subfield code="7">0</subfield>
    <subfield code="a">BCEJYS</subfield>
    <subfield code="b">BCEJYS</subfield>
    <subfield code="c">17</subfield>
    <subfield code="d">1985-06-01</subfield>
    <subfield code="h">A&#xF1;o 3, N&#xBA; 25 - jun. 1985</subfield>
    <subfield code="l">0</subfield>
    <subfield code="o">H330 CAR 25</subfield>
    <subfield code="p">R14663</subfield>
    <subfield code="r">2026-04-10 16:08:56</subfield>
    <subfield code="w">2026-04-10</subfield>
    <subfield code="y">RN</subfield>
  </datafield>
  <datafield tag="952" ind1=" " ind2=" ">
    <subfield code="0">0</subfield>
    <subfield code="1">0</subfield>
    <subfield code="4">0</subfield>
    <subfield code="7">0</subfield>
    <subfield code="a">BCEJYS</subfield>
    <subfield code="b">BCEJYS</subfield>
    <subfield code="c">17</subfield>
    <subfield code="d">1985-05-01</subfield>
    <subfield code="h">A&#xF1;o 2, N&#xBA; 24 - mayo 1985</subfield>
    <subfield code="l">0</subfield>
    <subfield code="o">H330 CAR 24</subfield>
    <subfield code="p">R14662</subfield>
    <subfield code="r">2026-04-10 16:08:56</subfield>
    <subfield code="w">2026-04-10</subfield>
    <subfield code="y">RN</subfield>
  </datafield>
  <datafield tag="952" ind1=" " ind2=" ">
    <subfield code="0">0</subfield>
    <subfield code="1">0</subfield>
    <subfield code="4">0</subfield>
    <subfield code="7">0</subfield>
    <subfield code="a">BCEJYS</subfield>
    <subfield code="b">BCEJYS</subfield>
    <subfield code="c">17</subfield>
    <subfield code="d">1985-04-01</subfield>
    <subfield code="h">A&#xF1;o 2, N&#xBA; 23 - abr. 1985</subfield>
    <subfield code="l">0</subfield>
    <subfield code="o">H330 CAR 23</subfield>
    <subfield code="p">R14661</subfield>
    <subfield code="r">2026-04-10 16:08:56</subfield>
    <subfield code="w">2026-04-10</subfield>
    <subfield code="y">RN</subfield>
  </datafield>
  <datafield tag="952" ind1=" " ind2=" ">
    <subfield code="0">0</subfield>
    <subfield code="1">0</subfield>
    <subfield code="4">0</subfield>
    <subfield code="7">0</subfield>
    <subfield code="a">BCEJYS</subfield>
    <subfield code="b">BCEJYS</subfield>
    <subfield code="c">17</subfield>
    <subfield code="d">1985-03-01</subfield>
    <subfield code="h">A&#xF1;o 2, N&#xBA; 22 - mar. 1985</subfield>
    <subfield code="l">0</subfield>
    <subfield code="o">H330 CAR 22</subfield>
    <subfield code="p">R14660</subfield>
    <subfield code="r">2026-04-10 16:08:56</subfield>
    <subfield code="w">2026-04-10</subfield>
    <subfield code="y">RN</subfield>
  </datafield>
  <datafield tag="952" ind1=" " ind2=" ">
    <subfield code="0">0</subfield>
    <subfield code="1">0</subfield>
    <subfield code="4">0</subfield>
    <subfield code="7">0</subfield>
    <subfield code="a">BCEJYS</subfield>
    <subfield code="b">BCEJYS</subfield>
    <subfield code="c">17</subfield>
    <subfield code="d">1985-02-01</subfield>
    <subfield code="h">A&#xF1;o 2, N&#xBA; 21 - feb. 1985</subfield>
    <subfield code="l">0</subfield>
    <subfield code="o">H330 CAR 21</subfield>
    <subfield code="p">R14659</subfield>
    <subfield code="r">2026-04-10 16:08:56</subfield>
    <subfield code="w">2026-04-10</subfield>
    <subfield code="y">RN</subfield>
  </datafield>
  <datafield tag="952" ind1=" " ind2=" ">
    <subfield code="0">0</subfield>
    <subfield code="1">0</subfield>
    <subfield code="4">0</subfield>
    <subfield code="7">0</subfield>
    <subfield code="a">BCEJYS</subfield>
    <subfield code="b">BCEJYS</subfield>
    <subfield code="c">17</subfield>
    <subfield code="d">1984-12-01</subfield>
    <subfield code="h">A&#xF1;o 2, N&#xBA; 19/20 - dic. 1984/ene. 1985</subfield>
    <subfield code="l">0</subfield>
    <subfield code="o">H330 CAR 19/20</subfield>
    <subfield code="p">R14658</subfield>
    <subfield code="r">2026-04-10 16:08:56</subfield>
    <subfield code="w">2026-04-10</subfield>
    <subfield code="y">RN</subfield>
  </datafield>
  <datafield tag="952" ind1=" " ind2=" ">
    <subfield code="0">0</subfield>
    <subfield code="1">0</subfield>
    <subfield code="4">0</subfield>
    <subfield code="7">0</subfield>
    <subfield code="a">BCEJYS</subfield>
    <subfield code="b">BCEJYS</subfield>
    <subfield code="c">17</subfield>
    <subfield code="d">1984-11-01</subfield>
    <subfield code="h">A&#xF1;o 2, N&#xBA; 18 - nov. 1984</subfield>
    <subfield code="l">0</subfield>
    <subfield code="o">H330 CAR 18</subfield>
    <subfield code="p">R14657</subfield>
    <subfield code="r">2026-04-10 16:08:56</subfield>
    <subfield code="w">2026-04-10</subfield>
    <subfield code="y">RN</subfield>
  </datafield>
  <datafield tag="952" ind1=" " ind2=" ">
    <subfield code="0">0</subfield>
    <subfield code="1">0</subfield>
    <subfield code="4">0</subfield>
    <subfield code="7">0</subfield>
    <subfield code="a">BCEJYS</subfield>
    <subfield code="b">BCEJYS</subfield>
    <subfield code="c">17</subfield>
    <subfield code="d">1984-10-01</subfield>
    <subfield code="h">A&#xF1;o 2, N&#xBA; 17 - oct. 1984</subfield>
    <subfield code="l">0</subfield>
    <subfield code="o">H330 CAR 17</subfield>
    <subfield code="p">R14656</subfield>
    <subfield code="r">2026-04-10 16:08:56</subfield>
    <subfield code="w">2026-04-10</subfield>
    <subfield code="y">RN</subfield>
  </datafield>
  <datafield tag="952" ind1=" " ind2=" ">
    <subfield code="0">0</subfield>
    <subfield code="1">0</subfield>
    <subfield code="4">0</subfield>
    <subfield code="7">0</subfield>
    <subfield code="a">BCEJYS</subfield>
    <subfield code="b">BCEJYS</subfield>
    <subfield code="c">17</subfield>
    <subfield code="d">1984-09-01</subfield>
    <subfield code="h">A&#xF1;o 2, N&#xBA; 16 - sep. 1984</subfield>
    <subfield code="l">0</subfield>
    <subfield code="o">H330 CAR 16</subfield>
    <subfield code="p">R14655</subfield>
    <subfield code="r">2026-04-10 16:08:56</subfield>
    <subfield code="w">2026-04-10</subfield>
    <subfield code="y">RN</subfield>
  </datafield>
  <datafield tag="952" ind1=" " ind2=" ">
    <subfield code="0">0</subfield>
    <subfield code="1">0</subfield>
    <subfield code="4">0</subfield>
    <subfield code="7">0</subfield>
    <subfield code="a">BCEJYS</subfield>
    <subfield code="b">BCEJYS</subfield>
    <subfield code="c">17</subfield>
    <subfield code="d">1984-08-01</subfield>
    <subfield code="h">A&#xF1;o 2, N&#xBA; 15 - ago. 1984</subfield>
    <subfield code="l">0</subfield>
    <subfield code="o">H330 CAR 15</subfield>
    <subfield code="p">R14654</subfield>
    <subfield code="r">2026-04-10 16:08:56</subfield>
    <subfield code="w">2026-04-10</subfield>
    <subfield code="y">RN</subfield>
  </datafield>
  <datafield tag="952" ind1=" " ind2=" ">
    <subfield code="0">0</subfield>
    <subfield code="1">0</subfield>
    <subfield code="4">0</subfield>
    <subfield code="7">0</subfield>
    <subfield code="a">BCEJYS</subfield>
    <subfield code="b">BCEJYS</subfield>
    <subfield code="c">17</subfield>
    <subfield code="d">1984-07-01</subfield>
    <subfield code="h">A&#xF1;o 2, N&#xBA; 14 - jul. 1984</subfield>
    <subfield code="l">0</subfield>
    <subfield code="o">H330 CAR 14</subfield>
    <subfield code="p">R14653</subfield>
    <subfield code="r">2026-04-10 16:08:56</subfield>
    <subfield code="w">2026-04-10</subfield>
    <subfield code="y">RN</subfield>
  </datafield>
  <datafield tag="952" ind1=" " ind2=" ">
    <subfield code="0">0</subfield>
    <subfield code="1">0</subfield>
    <subfield code="4">0</subfield>
    <subfield code="7">0</subfield>
    <subfield code="a">BCEJYS</subfield>
    <subfield code="b">BCEJYS</subfield>
    <subfield code="c">17</subfield>
    <subfield code="d">1984-06-01</subfield>
    <subfield code="h">A&#xF1;o 2, N&#xBA; 13 - jun. 1984</subfield>
    <subfield code="l">0</subfield>
    <subfield code="o">H330 CAR 13</subfield>
    <subfield code="p">R14652</subfield>
    <subfield code="r">2026-04-10 16:08:56</subfield>
    <subfield code="w">2026-04-10</subfield>
    <subfield code="y">RN</subfield>
  </datafield>
  <datafield tag="952" ind1=" " ind2=" ">
    <subfield code="0">0</subfield>
    <subfield code="1">0</subfield>
    <subfield code="4">0</subfield>
    <subfield code="7">0</subfield>
    <subfield code="a">BCEJYS</subfield>
    <subfield code="b">BCEJYS</subfield>
    <subfield code="c">17</subfield>
    <subfield code="d">1984-05-01</subfield>
    <subfield code="h">A&#xF1;o 1, N&#xBA; 12 - mayo 1984</subfield>
    <subfield code="l">0</subfield>
    <subfield code="o">H330 CAR 12</subfield>
    <subfield code="p">R14651</subfield>
    <subfield code="r">2026-04-10 16:08:56</subfield>
    <subfield code="w">2026-04-10</subfield>
    <subfield code="y">RN</subfield>
  </datafield>
  <datafield tag="952" ind1=" " ind2=" ">
    <subfield code="0">0</subfield>
    <subfield code="1">0</subfield>
    <subfield code="4">0</subfield>
    <subfield code="7">0</subfield>
    <subfield code="a">BCEJYS</subfield>
    <subfield code="b">BCEJYS</subfield>
    <subfield code="c">17</subfield>
    <subfield code="d">1984-04-01</subfield>
    <subfield code="h">A&#xF1;o 1, N&#xBA; 11 - abr. 1984</subfield>
    <subfield code="l">0</subfield>
    <subfield code="o">H330 CAR 11</subfield>
    <subfield code="p">R14650</subfield>
    <subfield code="r">2026-04-10 16:08:56</subfield>
    <subfield code="w">2026-04-10</subfield>
    <subfield code="y">RN</subfield>
  </datafield>
  <datafield tag="952" ind1=" " ind2=" ">
    <subfield code="0">0</subfield>
    <subfield code="1">0</subfield>
    <subfield code="4">0</subfield>
    <subfield code="7">0</subfield>
    <subfield code="a">BCEJYS</subfield>
    <subfield code="b">BCEJYS</subfield>
    <subfield code="c">17</subfield>
    <subfield code="d">1984-03-01</subfield>
    <subfield code="h">A&#xF1;o 1, N&#xBA; 10 - mar. 1984</subfield>
    <subfield code="l">0</subfield>
    <subfield code="o">H330 CAR 10</subfield>
    <subfield code="p">R14649</subfield>
    <subfield code="r">2026-04-10 16:08:56</subfield>
    <subfield code="w">2026-04-10</subfield>
    <subfield code="y">RN</subfield>
  </datafield>
  <datafield tag="952" ind1=" " ind2=" ">
    <subfield code="0">0</subfield>
    <subfield code="1">0</subfield>
    <subfield code="4">0</subfield>
    <subfield code="7">0</subfield>
    <subfield code="a">BCEJYS</subfield>
    <subfield code="b">BCEJYS</subfield>
    <subfield code="c">17</subfield>
    <subfield code="d">1984-02-01</subfield>
    <subfield code="h">A&#xF1;o 1, N&#xBA; 9 - feb. 1984</subfield>
    <subfield code="l">0</subfield>
    <subfield code="o">H330 CAR 9</subfield>
    <subfield code="p">R14648</subfield>
    <subfield code="r">2026-04-10 16:08:56</subfield>
    <subfield code="w">2026-04-10</subfield>
    <subfield code="y">RN</subfield>
  </datafield>
  <datafield tag="952" ind1=" " ind2=" ">
    <subfield code="0">0</subfield>
    <subfield code="1">0</subfield>
    <subfield code="4">0</subfield>
    <subfield code="7">0</subfield>
    <subfield code="a">BCEJYS</subfield>
    <subfield code="b">BCEJYS</subfield>
    <subfield code="c">17</subfield>
    <subfield code="d">1983-12-01</subfield>
    <subfield code="h">A&#xF1;o 1, N&#xBA; 7/8 - dic. 1983</subfield>
    <subfield code="l">0</subfield>
    <subfield code="o">H330 CAR 7/8</subfield>
    <subfield code="p">R14647</subfield>
    <subfield code="r">2026-04-10 16:08:56</subfield>
    <subfield code="w">2026-04-10</subfield>
    <subfield code="y">RN</subfield>
  </datafield>
  <datafield tag="952" ind1=" " ind2=" ">
    <subfield code="0">0</subfield>
    <subfield code="1">0</subfield>
    <subfield code="4">0</subfield>
    <subfield code="7">0</subfield>
    <subfield code="a">BCEJYS</subfield>
    <subfield code="b">BCEJYS</subfield>
    <subfield code="c">17</subfield>
    <subfield code="d">1983-11-01</subfield>
    <subfield code="h">A&#xF1;o 1, N&#xBA; 6 - nov. 1983</subfield>
    <subfield code="l">0</subfield>
    <subfield code="o">H330 CAR 6</subfield>
    <subfield code="p">R14646</subfield>
    <subfield code="r">2026-04-10 16:08:56</subfield>
    <subfield code="w">2026-04-10</subfield>
    <subfield code="y">RN</subfield>
  </datafield>
  <datafield tag="952" ind1=" " ind2=" ">
    <subfield code="0">0</subfield>
    <subfield code="1">0</subfield>
    <subfield code="4">0</subfield>
    <subfield code="7">0</subfield>
    <subfield code="a">BCEJYS</subfield>
    <subfield code="b">BCEJYS</subfield>
    <subfield code="c">17</subfield>
    <subfield code="d">1983-10-01</subfield>
    <subfield code="h">A&#xF1;o 1, N&#xBA; 5 - oct. 1983</subfield>
    <subfield code="l">0</subfield>
    <subfield code="o">H330 CAR 5</subfield>
    <subfield code="p">R14645</subfield>
    <subfield code="r">2026-04-10 16:08:56</subfield>
    <subfield code="w">2026-04-10</subfield>
    <subfield code="y">RN</subfield>
  </datafield>
  <datafield tag="952" ind1=" " ind2=" ">
    <subfield code="0">0</subfield>
    <subfield code="1">0</subfield>
    <subfield code="4">0</subfield>
    <subfield code="7">0</subfield>
    <subfield code="a">BCEJYS</subfield>
    <subfield code="b">BCEJYS</subfield>
    <subfield code="c">17</subfield>
    <subfield code="d">1983-09-01</subfield>
    <subfield code="h">A&#xF1;o 1, N&#xBA; 4 - sep. 1983</subfield>
    <subfield code="l">0</subfield>
    <subfield code="o">H330 CAR 4</subfield>
    <subfield code="p">R14644</subfield>
    <subfield code="r">2026-04-10 16:08:56</subfield>
    <subfield code="w">2026-04-10</subfield>
    <subfield code="y">RN</subfield>
  </datafield>
  <datafield tag="952" ind1=" " ind2=" ">
    <subfield code="0">0</subfield>
    <subfield code="1">0</subfield>
    <subfield code="4">0</subfield>
    <subfield code="7">0</subfield>
    <subfield code="a">BCEJYS</subfield>
    <subfield code="b">BCEJYS</subfield>
    <subfield code="c">17</subfield>
    <subfield code="d">1983-08-01</subfield>
    <subfield code="h">A&#xF1;o 1, N&#xBA; 3 - ago. 1983</subfield>
    <subfield code="l">0</subfield>
    <subfield code="o">H330 CAR 3</subfield>
    <subfield code="p">R14643</subfield>
    <subfield code="r">2026-04-10 16:08:56</subfield>
    <subfield code="w">2026-04-10</subfield>
    <subfield code="y">RN</subfield>
  </datafield>
  <datafield tag="952" ind1=" " ind2=" ">
    <subfield code="0">0</subfield>
    <subfield code="1">0</subfield>
    <subfield code="4">0</subfield>
    <subfield code="7">0</subfield>
    <subfield code="a">BCEJYS</subfield>
    <subfield code="b">BCEJYS</subfield>
    <subfield code="c">17</subfield>
    <subfield code="d">1983-07-01</subfield>
    <subfield code="h">A&#xF1;o 1, N&#xBA; 2 - jul. 1983</subfield>
    <subfield code="l">0</subfield>
    <subfield code="o">H330 CAR 2</subfield>
    <subfield code="p">R14642</subfield>
    <subfield code="r">2026-04-10 16:08:56</subfield>
    <subfield code="w">2026-04-10</subfield>
    <subfield code="y">RN</subfield>
  </datafield>
  <datafield tag="952" ind1=" " ind2=" ">
    <subfield code="0">0</subfield>
    <subfield code="1">0</subfield>
    <subfield code="4">0</subfield>
    <subfield code="7">0</subfield>
    <subfield code="a">BCEJYS</subfield>
    <subfield code="b">BCEJYS</subfield>
    <subfield code="c">17</subfield>
    <subfield code="d">1983-06-01</subfield>
    <subfield code="h">A&#xF1;o 1, N&#xBA; 1 - jun. 1983</subfield>
    <subfield code="l">0</subfield>
    <subfield code="o">H330 CAR 1</subfield>
    <subfield code="p">R14641</subfield>
    <subfield code="r">2026-04-10 16:08:56</subfield>
    <subfield code="w">2026-04-10</subfield>
    <subfield code="y">RN</subfield>
  </datafield>
  <datafield tag="952" ind1=" " ind2=" ">
    <subfield code="0">0</subfield>
    <subfield code="1">0</subfield>
    <subfield code="4">0</subfield>
    <subfield code="7">0</subfield>
    <subfield code="a">BCEJYS</subfield>
    <subfield code="b">BCEJYS</subfield>
    <subfield code="c">17</subfield>
    <subfield code="d">1983-05-01</subfield>
    <subfield code="h">A&#xF1;o 1, N&#xBA; 0 - mayo 1983</subfield>
    <subfield code="l">0</subfield>
    <subfield code="o">H330 CAR 0</subfield>
    <subfield code="p">R14586</subfield>
    <subfield code="r">2026-04-10 16:08:56</subfield>
    <subfield code="w">2026-04-10</subfield>
    <subfield code="y">RN</subfield>
  </datafield>
</record>
